LEADER 01083nam a2200241 i 4500 001 000000162887 003 CaOOAMICUS 005 20240207114138.0 008 070711s1960 it u000 u mul u 013 $a140251 040 $aSeMil$bita 245 10$aVol. 1: Elogi ; La gloria dei re ; Esilio /$cnella traduzione di Romeo Lucchese / nella traduzione di Giuseppe Ungaretti. 264 1$aMilano :$bLerici,$c1960. 300 $a311 p., [1] c. di tav. ;$c22 cm. 700 1 $aLucchese, Romeo.$0(OLS)http://semarc/name/44962 700 1 $aUngaretti, Giuseppe,$d<1888-1970>.$0(OLS)http://semarc/name/1569 773 0 $aSaint-John Perse $tOpere poetiche, di Saint-John Perse.$dMilano : Lerici, [19--?]$gVolume1$w()18129 850 $aSeMil 852 $aSeMil$W1$xVenegono$y1$m1T V 55$j245908$B114212$CSeMilBibl$Z2$F125064 $81 961 $aRecupero: Altro 996 $6245$aVol. 1: Elogi ; La gloria dei re ; Esilio$9(OLS)http://semarc/title/232391 996 $6264$aMilano :$bLerici$9(OLS)http://semarc/publisher/32725 LEADER 01281nam a2200277 i 4500 001 000000122754 003 CaOOAMICUS 005 20040210000000.0 008 040210s1966 it u000 u ita u 013 $a95449 040 $aSeMil$bita 100 1 $aBenanti, Franco.$0(OLS)http://semarc/name/51025 245 13$aLa guerra più lunga :$bAlbania 1943 - 1948 /$cFranco Benanti ; presentanzione di Giuseppe Caraci. 260 $aMilano :$bU. Mursia & C.,$ccopyr. 1966. 300 $a327 p., [14] p. di tav. ;$c22 cm. 490 0 $aTestimonianze : fra cronaca e storia ;$v14 500 $aContiene : Indice dei nomi di persona ; Indice toponomastico. 650 4$aGuerra mondiale <1939-1945>.$0(OLS)http://semarc/subject/2761 650 4$aAlbania.$0(OLS)http://semarc/subject/7155 700 1 $aCaraci, Giuseppe.$0(OLS)http://semarc/name/51026 830 0$aTestimonianze fra cronaca e storia [Mursia] ;$v14.$0(OLS)http://semarc/title/17659 850 $aSeMil 852 $aSeMil$W1$xVenegono$y1$m58 19 14 *$j77666$B77666$CSeMilBibl$Z2$F80082 $81 961 $aRecupero: Biblioteca Seminario Liceale 996 $6245$aLa guerra più lunga :$bAlbania 1943 - 1948$9(OLS)http://semarc/title/180757 996 $6260$aMilano :$bU. Mursia & C.$9(OLS)http://semarc/publisher/31860